Statistics for Billie Eilish "Not My Responsibility" monolog

Click here to take the quiz!

General Stats

  • This quiz has been taken 305 times
  • The average score is 174 of 213

Answer Stats

HintAnswer% Correct
1You
100%
3you?
100%
1 | 2 | 3 | 4you
100%
1 | 3Do
98%
3do
98%
4a
97%
1 | 5me?
97%
2 | 3 | 4 | 5me
97%
1 | 3 | 4 | 5my
97%
3My
97%
2 | 3 | 4 | 5I
96%
1know
94%
4body,
93%
1 | 3body
93%
3 | 4 | 5not
93%
1Really
92%
5responsibility?
91%
5Who
91%
5who
91%
5opinion
89%
5We
89%
3 | 5your
88%
4 | 5is
87%
3 | 5Is
87%
2 | 3 | 4 | 5what
87%
5What
87%
1 | 5about
86%
1About
86%
4the
86%
3The
86%
2 | 3to
86%
1clothes
85%
2 | 3 | 4it
85%
3 | 5of
84%
5Or
84%
3or
84%
4am
83%
3Am
83%
5if
83%
3 | 4 | 5If
83%
2 | 4 | 5wear
83%
4I'm
81%
3 | 4And
80%
3Does
80%
1have
80%
1opinions
80%
3So
80%
3was
80%
5on
79%
2 | 5people
79%
4slut
79%
3be
78%
3chest?
78%
3like
78%
1music
78%
3with
78%
3born
77%
4woman
77%
4comfortable,
76%
3hips?
76%
5make
76%
3shoulders
76%
3wanted?
76%
3Would
76%
2hate
75%
4layers,
75%
5that
75%
5are
74%
5based
74%
4judge
74%
3provoke
74%
3smaller,
74%
2Some
74%
3stomach?
74%
3taller?
74%
2But
73%
5decide
73%
4for
73%
5they
72%
5more,
71%
5only
71%
2others
71%
3quiet?
71%
2use
71%
5less
70%
5makes
70%
2shame
70%
3softer,
70%
3weaker,
70%
2 | 3feel
69%
3 | 4never
69%
4shed
69%
4still
69%
5their
69%
5value
69%
5decides
68%
5means?
68%
2praise
68%
4seen
68%
2Always
67%
5assumptions
67%
4Though
67%
4Why?
67%
2watching
66%
5perception?
65%
5they're
65%
4you've
65%
5size
64%
5worth
64%
3stares,
63%
3by
62%
3nothing
62%
3able
61%
3goes
61%
3I'd
60%
3disapproval
59%
3them,
59%
3while
59%
3lived
58%
3move
58%
3unseen
58%
3relief
56%
3sigh
56%

Score Distribution

Percentile by Number Answered

Percent of People with Each Score

Your Score History

You have not taken this quiz